Vísperas del referéndum TLC: la posición de los medios /
Shranjeno v:
| Glavni avtor: | |
|---|---|
| Format: | Texto |
| Jezik: | Spanish |
| Teme: | |
| Oznake: |
Označite
Brez oznak, prvi označite!
|
MARC
| LEADER | 00000 a a2200000 04500 | ||
|---|---|---|---|
| 001 | 45336 | ||
| 003 | cru CRAI/IIS | ||
| 005 | 20220822094139.0 | ||
| 008 | 220822b2007 ni ||||| |||| 00| 0 spa d | ||
| 040 | |c cru CRAI/IIS | ||
| 090 | |a REV0431 26(306) 2007 | ||
| 100 | |a Sandoval, Carlos | ||
| 245 | |a Vísperas del referéndum TLC: |b la posición de los medios / |c Carlos Sandoval | ||
| 650 | 0 | |9 303 |a REFERENDUM | |
| 650 | 0 | |9 3831 |a TRATADO DE LIBRE COMERCIO | |
| 650 | 0 | |9 10 |a MEDIOS DE COMUNICACION DE MASAS | |
| 650 | 0 | |9 5307 |a CONSERVADURISMO | |
| 650 | 4 | |9 3207 |a PARTICIPACION POLITICA | |
| 773 | |g volumen26, número306 (2007), páginas 36-40 |t Revista Envío | ||
| 942 | |2 ddc |c PP |h REV0431 26(306) 2007 |6 REV0431_26306_2007 | ||
| 999 | |c 22511 |d 22511 | ||
